El cerebro y sus ingógnitas / (Record no. 24553)

MARC details
000 -LEADER
campo de control de longitud fija 00529nam a2200169 i 4500
001 - NÚMERO DE CONTROL
campo de control 24553
003 - IDENTIFICADOR DE NÚMERO DE CONTROL
campo de control ES-MaACL
005 - FECHA Y HORA DE LA ÚLTIMA TRANSACCIÓN
campo de control 20230906153054.0
007 - CAMPO FIJO DE DESCRIPCIÓN FÍSICA--INFORMACIÓN GENERAL
campo de control de longitud fija t|
008 - DATOS DE LONGITUD FIJA--INFORMACIÓN GENERAL
campo de control de longitud fija 021217s1972 sp ||||1| spa d
100 1# - ENTRADA PRINCIPAL--NOMBRE DE PERSONA
Nombre de persona Angelergues, René.
9 (RLIN) 21713
245 13 - MENCIÓN DEL TÍTULO
Título El cerebro y sus ingógnitas /
Mención de responsabilidad, etc. René Angelergues ; [José María Claramunda, traducción].
260 ## - PUBLICACIÓN, DISTRIBUCIÓN, ETC.
Lugar de publicación, distribución, etc. Barcelona, etc. :
Nombre del editor, distribuidor, etc. Bruguera,
Fecha de publicación, distribución, etc. [1972]
300 ## - DESCRIPCIÓN FÍSICA
Extensión 218 p. ;
Dimensiones 18 cm.
700 1# - ENTRADA AGREGADA--NOMBRE PERSONAL
Nombre de persona Claramunda Bes, José María.
9 (RLIN) 38998
852 ## - LOCALIZACIÓN
Ubicación ES-MaACL
Número de control de estantería C-52110
Sublocalización o colección R.82876
Holdings
Estatus retirado Estado de pérdida Estado de daño No para préstamo Biblioteca de origen Biblioteca actual Ubicación en estantería Fecha de adquisición Fuente de adquisición Total de préstamos Signatura topográfica completa Código de barras Visto por última vez Precio de reemplazo Tipo de ítem Koha
        Biblioteca del Ateneo de Madrid Biblioteca del Ateneo de Madrid Depósito 2 17/01/2008     C-52110 1025314 23/02/2023 23/02/2023 Libro impreso